Contribution of natural organic matter to copper leaching from municipal solid waste incinerator bottom ash /

Đã lưu trong:
Sonraí Bibleagrafaíochta
Príomhúdar: Zomeren, Andre van.
Údair Eile: Comans, Rob N. J.
Formáid: Bài viết
Teanga:English
Ábhair:
Clibeanna: Cuir Clib Leis
Gan Chlibeanna, Bí ar an gcéad duine leis an taifead seo a chlibeáil!
Thư viện lưu trữ: Thư viện Trường Đại học Đà Lạt
LEADER 01008nam a2200325 4500
001 DLU090094818
005 ##20091201
040 # # |a DLU  |b eng 
041 # # |a eng 
044 # # |a us 
100 # # |a Zomeren, Andre van. 
245 # # |a Contribution of natural organic matter to copper leaching from municipal solid waste incinerator bottom ash /  |c Andre van Zomeren, Rob N. J. Comans. 
653 # # |a Gel permeation chromatography 
653 # # |a Geochemistry 
653 # # |a Heavy metal 
653 # # |a Humic acids 
653 # # |a Incineration plant 
653 # # |a Solid waste 
653 # # |a Speciation 
700 # # |a Comans, Rob N. J. 
773 # # |t Environmental Science & Technology  |g Vol. 38, no. 14 (July 2004), p. 3927-3932 
920 # # |a Phòng Tạp chí -- Trung tâm Thông tin - Thư viện Trường Đại học Đà Lạt 
994 # # |a DLU 
900 # # |a True 
911 # # |a Trương Bảo Trâm Anh 
925 # # |a G 
926 # # |a A 
927 # # |a BB 
980 # # |a Thư viện Trường Đại học Đà Lạt